000 00544cam a2200145 a 4500
082 0 _a954.912
_bOPE
110 1 _aIndia.
_939679
245 1 0 _aOperations in Waziristan, 1919-1920 /
_ccompiled by the General Staff, Army headquarters, India.
260 _aCalcutta :
_bSupt. Govt. Print.,
_c1921.
300 _ax, 187 p., [43] leaves of plates (some folded) :
_bill., maps, port. ;
_c26 cm.
500 _aThree folded maps in pocket.
526 _a0
_b0
_c0
_d954_912000000000000_OPE
526 _a0
_b0
_c0
_d954_912000000000000_OPE
942 _2ddc
_cBK
999 _c553081
_d553081